[Event "FICGS W-ch cand fin email"]
[Site "FICGS email"]
[Date "2020.11.06"]
[Round "5"]
[White "Kruse, Herbert"]
[Black "Gazi, Miroslav"]
[Result "1/2-1/2"]
[WhiteElo "2548"]
[BlackElo "2393"]
[PlyCount "93"]
[EventDate "2020.??.??"]
[EventType "match (corr)"]
[EventRounds "8"]
[SourceTitle "Corr 2022"]
[Source "ChessBase"]
[SourceDate "2021.10.24"]
[SourceVersion "1"]
[SourceVersionDate "2021.10.24"]
[SourceQuality "1"]

1. e4 c5 2. Nc3 d6 3. f4 g6 4. Nf3 Bg7 5. Bb5+ Bd7 6. 0-0 Bxb5 7. Nxb5 Qd7 8. c4 Nc6 9. d3 a6 10. Nc3 e6 11. Be3 Nge7 12. d4 cxd4 13. Nxd4 0-0 14. h3 Rad8 15. Rc1 d5 16. cxd5 exd5 17. e5 Nxd4 18. Bxd4 f6 19. exf6 Bxf6 20. Bb6 Rc8 21. Qb3 Rf7 22. a4 Rc6 23. Rcd1 Qe6 24. Bf2 Bxc3 25. bxc3 Qc8 26. Bd4 Rc4 27. Rd3 Nc6 28. Be3 Qe6 29. Bd2 Qf5 30. Re3 Re4 31. Rxe4 Qxe4 32. Qd1 Qc4 33. Kh2 Kg7 34. Rf2 h5 35. Re2 Re7 36. Rf2 Qe4 37. f5 Rf7 38. Qb3 Kg8 39. Kg1 Qd3 40. f6 Nd4 41. Qd1 Nf5 42. Qe1 Rxf6 43. Qe8+ Kh7 44. Qd7+ Kg8 45. Qe8+ Kh7 46. Qd7+ Kg8 47. Qe8+ 1/2-1/2

[Event "FICGS W-ch final email"]
[Site "FICGS email"]
[Date "2020.11.06"]
[Round "1"]
[White "Ludgate, Alan"]
[Black "Gazi, Miroslav"]
[Result "1/2-1/2"]
[WhiteElo "2404"]
[BlackElo "2393"]
[PlyCount "57"]
[EventDate "2020.??.??"]
[EventType "tourn (corr)"]
[EventRounds "6"]
[EventCategory "5"]
[SourceTitle "Corr 2022"]
[Source "ChessBase"]
[SourceDate "2021.10.24"]
[SourceVersion "1"]
[SourceVersionDate "2021.10.24"]
[SourceQuality "1"]

1. d4 Nf6 2. c4 g6 3. h4 Bg7 4. Nc3 c5 5. d5 d6 6. e4 e6 7. Be2 exd5 8. exd5 0-0 9. h5 Re8 10. h6 Bh8 11. Bg5 Qb6 12. b3 Ne4 13. Nxe4 Rxe4 14. Kf1 Nd7 15. Nf3 Re8 16. Rc1 Ne5 17. g3 Nxf3 18. Bxf3 Bd4 19. Kg2 f6 20. Bf4 Qc7 21. Qd2 Bd7 22. Rhe1 Rxe1 23. Rxe1 Kf7 24. b4 Re8 25. Rxe8 Bxe8 26. Be3 Bxe3 27. Qxe3 Bd7 28. bxc5 Qxc5 29. Qf4 1/2-1/2

[Event "FICGS W-ch st1 gM 01 email"]
[Site "FICGS email"]
[Date "2019.07.01"]
[Round "1"]
[White "Kerr, Graham"]
[Black "Gazi, Miroslav"]
[Result "0-1"]
[WhiteElo "2234"]
[BlackElo "2318"]
[PlyCount "156"]
[EventDate "2019.??.??"]
[EventType "tourn (corr)"]
[EventRounds "6"]
[EventCategory "1"]
[SourceTitle "Corr 2022"]
[Source "ChessBase"]
[SourceDate "2021.10.24"]
[SourceVersion "1"]
[SourceVersionDate "2021.10.24"]
[SourceQuality "1"]

1. d4 Nf6 2. c4 g6 3. g3 c6 4. Bg2 d5 5. Nf3 Bg7 6. 0-0 dxc4 7. a4 Ne4 8. Qc2 Nd6 9. e4 Na6 10. Na3 0-0 11. Rd1 Nb4 12. Qe2 Bg4 13. Bg5 f5 14. e5 Nf7 15. Be3 Nd5 16. Nxc4 Qd7 17. h3 Bh5 18. Bc1 Nc7 19. b4 Rac8 20. Be3 g5 21. Ra3 f4 22. Bc1 fxg3 23. fxg3 Nd8 24. g4 Bg6 25. Nxg5 Nde6 26. Qe1 Kh8 27. Nxe6 Nxe6 28. a5 Nf4 29. Bf1 Rcd8 30. Rf3 Ne6 31. Rxf8+ Rxf8 32. Bg2 Bc2 33. Rd2 Bg6 34. Bb2 Nf4 35. Rf2 Nxg2 36. Rxg2 Qd5 37. Nd2 Qa2 38. Qc1 Rf4 39. Rg3 Qa4 40. Bc3 Bh6 41. g5 Bg7 42. Nf1 Rf8 43. Ne3 Qa2 44. Qd2 Qf7 45. Qe1 Be4 46. Ng4 Bd5 47. Ne3 Ba2 48. Qf1 Qg6 49. Qd1 Be6 50. Ng2 b6 51. Rf3 Qxg5 52. Bd2 Qg6 53. Rxf8+ Bxf8 54. Qf3 Qg8 55. Kh2 Bd5 56. Qf2 Be4 57. Be3 bxa5 58. bxa5 Qxg2+ 59. Qxg2 Bxg2 60. Kxg2 a6 61. Kf3 Kg7 62. Ke4 e6 63. Kd3 Kg6 64. Kc4 Kf5 65. Bd2 Ke4 66. Bg5 Kf3 67. Bd8 Kg3 68. Bc7 Kxh3 69. Bd6 Bg7 70. Kc5 h5 71. Kxc6 Kg4 72. d5 Kf5 73. dxe6 Kxe6 74. Kb6 h4 75. Bc5 Bxe5 76. Bg1 Kd5 77. Kxa6 Bd4 78. Bh2 Kc6 0-1

[Event "FICGS W-ch st1 gM 01 email"]
[Site "FICGS email"]
[Date "2019.07.01"]
[Round "1"]
[White "Larwinski, Paul"]
[Black "Gazi, Miroslav"]
[Result "1/2-1/2"]
[WhiteElo "2327"]
[BlackElo "2318"]
[PlyCount "95"]
[EventDate "2019.??.??"]
[EventType "tourn (corr)"]
[EventRounds "6"]
[EventCategory "1"]
[SourceTitle "Corr 2022"]
[Source "ChessBase"]
[SourceDate "2021.10.24"]
[SourceVersion "1"]
[SourceVersionDate "2021.10.24"]
[SourceQuality "1"]

1. d4 Nf6 2. Nf3 e6 3. e3 b6 4. Bd3 Bb7 5. Nbd2 c5 6. c3 d5 7. 0-0 Nbd7 8. Qe2 Ne4 9. Ne5 Nxe5 10. dxe5 a6 11. f3 Nxd2 12. Bxd2 Qc7 13. f4 c4 14. Bc2 0-0-0 15. Be1 Be7 16. e4 d4 17. cxd4 Rxd4 18. Bc3 Rd7 19. Kh1 g6 20. a3 Rhd8 21. f5 Kb8 22. fxe6 fxe6 23. Rf7 Bg5 24. Rxd7 Rxd7 25. Rf1 Bc8 26. h3 b5 27. Rf6 Qb6 28. Qe1 Ka8 29. a4 Qe3 30. Qxe3 Bxe3 31. Rxe6 Rd1+ 32. Bxd1 Bxe6 33. axb5 axb5 34. Kh2 Bf2 35. g3 Be3 36. Kg2 Kb7 37. Kf3 Bc1 38. h4 Kb6 39. Bd4+ Ka5 40. Kf2 b4 41. Be2 Ka4 42. Bd1+ b3 43. Bc3 Kb5 44. Be2 Kc5 45. Bd1 Bh6 46. Bf3 Kb5 47. Ke2 Bf8 48. Ke1 1/2-1/2

[Event "FICGS W-ch st1 gM 01 email"]
[Site "FICGS email"]
[Date "2018.11.01"]
[Round "1"]
[White "Gazi, Miroslav"]
[Black "Cleto, Dirceu Jr"]
[Result "1-0"]
[WhiteElo "2279"]
[BlackElo "2288"]
[PlyCount "89"]
[EventDate "2018.??.??"]
[EventType "tourn (corr)"]
[EventRounds "6"]
[EventCategory "1"]
[SourceTitle "Corr 2022"]
[Source "ChessBase"]
[SourceDate "2021.10.24"]
[SourceVersion "1"]
[SourceVersionDate "2021.10.24"]
[SourceQuality "1"]

1. d4 d5 2. c4 e6 3. Nc3 Nf6 4. cxd5 exd5 5. Bg5 c6 6. e3 Be7 7. Bd3 Nbd7 8. Qc2 h6 9. Bh4 Nh5 10. Bxe7 Qxe7 11. 0-0-0 Nb6 12. h3 Be6 13. Nf3 Nf6 14. Kb1 0-0-0 15. Rc1 Kb8 16. Rhe1 g5 17. Ne5 Nfd7 18. Nxd7+ Bxd7 19. b3 Nc8 20. Kb2 Nd6 21. a4 Rc8 22. f3 f5 23. a5 Qd8 24. a6 b6 25. e4 dxe4 26. fxe4 fxe4 27. Nxe4 Nxe4 28. Bxe4 Qf6 29. Qc3 Qd6 30. Bf3 Rhf8 31. Re4 Rf5 32. Re5 Rf4 33. Rd1 Qf6 34. Rd3 Qd6 35. Re2 Rd8 36. d5 c5 37. Rde3 Rd4 38. Re7 Qf6 39. R2e5 Qd6 40. Qe3 Qf6 41. Kc2 Qg6+ 42. Kc1 Qf6 43. R5e6 Bxe6 44. Rb7+ Kc8 45. Qxe6+ 1-0

[Event "FICGS W-ch st1 gM 01 email"]
[Site "FICGS email"]
[Date "2018.11.01"]
[Round "1"]
[White "Gazi, Miroslav"]
[Black "Ludgate, Alan"]
[Result "1/2-1/2"]
[WhiteElo "2279"]
[BlackElo "2342"]
[PlyCount "50"]
[EventDate "2018.??.??"]
[EventType "tourn (corr)"]
[EventRounds "6"]
[EventCategory "1"]
[SourceTitle "Corr 2022"]
[Source "ChessBase"]
[SourceDate "2021.10.24"]
[SourceVersion "1"]
[SourceVersionDate "2021.10.24"]
[SourceQuality "1"]

1. d4 Nf6 2. Bg5 d5 3. Bxf6 exf6 4. e3 Nd7 5. c4 dxc4 6. Bxc4 Bd6 7. Nc3 f5 8. Nf3 0-0 9. 0-0 Nf6 10. Qc2 c6 11. Rfd1 g6 12. a4 Qe7 13. d5 Bd7 14. Rac1 Rac8 15. Qb3 Rb8 16. g3 Kg7 17. Bf1 Rfd8 18. Bg2 h5 19. Rd3 cxd5 20. Nxd5 Nxd5 21. Qxd5 Bc6 22. Qb3 Be4 23. Rd2 Bb4 24. Rxd8 Rxd8 25. h4 Bd5 1/2-1/2

[Event "FICGS class M 000080 email"]
[Site "FICGS email"]
[Date "2018.08.03"]
[Round "1"]
[White "Dusk, Jerzy"]
[Black "Gazi, Miroslav"]
[Result "1/2-1/2"]
[WhiteElo "2200"]
[BlackElo "2260"]
[PlyCount "133"]
[EventDate "2018.??.??"]
[EventType "tourn (corr)"]
[EventRounds "6"]
[SourceTitle "Corr 2022"]
[Source "ChessBase"]
[SourceDate "2021.10.24"]
[SourceVersion "1"]
[SourceVersionDate "2021.10.24"]
[SourceQuality "1"]

1. e4 c5 2. Nf3 d6 3. d4 cxd4 4. Nxd4 Nf6 5. Nc3 a6 6. Bg5 e6 7. f4 Qb6 8. a3 Nbd7 9. Bh4 e5 10. fxe5 dxe5 11. Nb3 Nc5 12. Bxf6 Qxf6 13. Bc4 Nxe4 14. Bxf7+ Qxf7 15. Nxe4 Qf4 16. Qh5+ g6 17. Qe2 Bf5 18. Nf6+ Kf7 19. Nd5 Qg4 20. Qxe5 Bb4+ 21. Kf2 Rae8 22. Qc7+ Kf8 23. Ne3 Qe4 24. Nxf5 Qxf5+ 25. Kg1 Be1 26. Qc5+ Qxc5+ 27. Nxc5 Bd2 28. Nd3 Kg7 29. h4 Re4 30. Rh3 Be3+ 31. Kh1 h5 32. g3 Ba7 33. Rf1 Rc8 34. Rh2 Re3 35. Rg2 Bb8 36. Nf4 b5 37. Kh2 Rc5 38. Rd2 g5 39. b4 Rf5 40. hxg5 Rxg5 41. Rd3 Bxf4 42. gxf4 Re2+ 43. Kh3 Rg6 44. Rc3 Rgg2 45. Rc7+ Kh6 46. Rc6+ Rg6 47. Rc3 Re4 48. f5 Rf6 49. Rc8 Re3+ 50. Kh2 Rxa3 51. c3 Kg5 52. Rg8+ Kh6 53. Rfg1 Kh7 54. R8g7+ Kh6 55. R7g6+ Rxg6 56. Rxg6+ Kh7 57. Kg3 Rxc3+ 58. Kh4 Rc4+ 59. Kxh5 Rf4 60. Kg5 Rxb4 61. Rxa6 Ra4 62. Rb6 Rb4 63. Rb7+ Kg8 64. Kg6 Rg4+ 65. Kf6 b4 66. Rb8+ Kh7 67. Rb7+ 1/2-1/2

[Event "FICGS class M 000080 email"]
[Site "FICGS email"]
[Date "2018.08.03"]
[Round "1"]
[White "Gazi, Miroslav"]
[Black "Larwinski, Paul"]
[Result "1/2-1/2"]
[WhiteElo "2260"]
[BlackElo "2291"]
[PlyCount "68"]
[EventDate "2018.??.??"]
[EventType "tourn (corr)"]
[EventRounds "6"]
[SourceTitle "Corr 2022"]
[Source "ChessBase"]
[SourceDate "2021.10.24"]
[SourceVersion "1"]
[SourceVersionDate "2021.10.24"]
[SourceQuality "1"]

1. Nf3 d5 2. c4 e6 3. d4 Nf6 4. g3 dxc4 5. Bg2 Nc6 6. Qa4 Bb4+ 7. Bd2 Nd5 8. Bxb4 Ndxb4 9. 0-0 Rb8 10. Na3 0-0 11. Qb5 b6 12. Qxc4 Ba6 13. Nb5 Qd5 14. Qxd5 Nxd5 15. a4 Na5 16. Ne5 Rbd8 17. Nxa7 Nb4 18. Rac1 Rxd4 19. Rxc7 Bxe2 20. Rfc1 f6 21. Nec6 Naxc6 22. Nxc6 Nxc6 23. R7xc6 Rfd8 24. h3 Rd1+ 25. Rxd1 Bxd1 26. Rxe6 Bxa4 27. Rxb6 Rd1+ 28. Kh2 Rd2 29. f4 g5 30. Rxf6 gxf4 31. gxf4 Rxb2 32. Kg3 Kg7 33. Rd6 Bc2 34. Rd7+ Kf6 1/2-1/2

[Event "FICGS class M 000080 email"]
[Site "FICGS email"]
[Date "2018.08.03"]
[Round "1"]
[White "Kireev, Sergey Ivanovich"]
[Black "Gazi, Miroslav"]
[Result "1/2-1/2"]
[WhiteElo "2281"]
[BlackElo "2260"]
[PlyCount "63"]
[EventDate "2018.??.??"]
[EventType "tourn (corr)"]
[EventRounds "6"]
[SourceTitle "Corr 2022"]
[Source "ChessBase"]
[SourceDate "2021.10.24"]
[SourceVersion "1"]
[SourceVersionDate "2021.10.24"]
[SourceQuality "1"]

1. e4 c5 2. Nf3 d6 3. d4 cxd4 4. Nxd4 Nf6 5. Nc3 a6 6. Be3 e5 7. Nb3 Be6 8. f3 h5 9. Nd5 Bxd5 10. exd5 Nbd7 11. Qd2 g6 12. Be2 Bg7 13. 0-0 b6 14. h3 0-0 15. a4 Re8 16. Rab1 Qc7 17. c3 Qb7 18. c4 a5 19. Kh1 Nc5 20. Nxc5 bxc5 21. b3 Qe7 22. Rbe1 e4 23. Bd1 exf3 24. Bxf3 Qb7 25. Qc2 Nd7 26. Bd1 Ne5 27. Bf4 Qd7 28. Bg5 f5 29. Qf2 Nd3 30. Rxe8+ Rxe8 31. Qd2 Nb4 32. Bf3 1/2-1/2

[Event "FICGS W-ch final email"]
[Site "FICGS email"]
[Date "2017.10.14"]
[Round "1"]
[White "Eldridge, Mark"]
[Black "Gazi, Miroslav"]
[Result "1-0"]
[WhiteElo "2255"]
[BlackElo "2199"]
[PlyCount "149"]
[EventDate "2017.??.??"]
[EventType "tourn (corr)"]
[EventRounds "6"]
[EventCategory "5"]
[SourceTitle "Corr 2022"]
[Source "ChessBase"]
[SourceDate "2021.10.24"]
[SourceVersion "1"]
[SourceVersionDate "2021.10.24"]
[SourceQuality "1"]

1. e4 c5 2. Nf3 d6 3. d4 cxd4 4. Nxd4 Nf6 5. Nc3 a6 6. Be3 e5 7. Nb3 Be6 8. f3 Be7 9. Qd2 h5 10. Be2 Nbd7 11. Nd5 Nxd5 12. exd5 Bf5 13. 0-0 Rc8 14. c4 Nf6 15. Na5 Qd7 16. Rac1 Bd8 17. h3 0-0 18. b4 Re8 19. Rfe1 h4 20. Nb3 Be7 21. Red1 Nh5 22. c5 Ng3 23. Bc4 g6 24. Re1 Qc7 25. c6 b5 26. Be2 Bf6 27. a4 Rb8 28. axb5 Nxe2+ 29. Qxe2 Rxb5 30. Qd2 Reb8 31. Rc4 Bd8 32. Ra1 Ra8 33. f4 f6 34. fxe5 fxe5 35. Bg5 Qa7+ 36. Kh2 Bb6 37. Rxh4 Qf7 38. Rd1 Rb8 39. Qe2 Rxd5 40. Rf1 Rf8 41. Qxa6 Bc8 42. Rh8+ Kxh8 43. Rxf7 Bxa6 44. Rxf8+ Kg7 45. Ra8 Bd3 46. c7 Bxc7 47. Ra7 Kf7 48. Nc1 Ke6 49. Nxd3 Kd7 50. Nb2 Kc8 51. Na4 e4 52. Bf4 g5 53. Bg3 e3 54. Nc3 Rd2 55. Nb5 Bb8 56. Rg7 Rd5 57. Rg8+ Kb7 58. Nc3 Rd3 59. Ne4 e2 60. Re8 Rd5 61. Nc3 Rd4 62. Nxe2 Rc4 63. Rg8 Bc7 64. Rxg5 Rxb4 65. h4 Bd8 66. Rg7+ Kc6 67. h5 Bf6 68. Rg6 Rb5 69. Rxf6 Rxh5+ 70. Kg1 Rd5 71. Rxd6+ Rxd6 72. Bxd6 Kxd6 73. g4 Ke5 74. Kf2 Kf6 75. Ng3 1-0